[Event "Steinfurt Bezirksklasse 0910"]
[Site "Germany"]
[Date "2010.01.16"]
[Round "3.4"]
[White "Hoffmann, Jens"]
[Black "Jarvers, Hermann"]
[Result "1/2-1/2"]
[WhiteElo "1268"]
[BlackElo "1488"]
[PlyCount "21"]
[EventDate "2009.09.26"]
[EventType "team-tourn"]
[EventRounds "7"]
[EventCountry "GER"]
[SourceTitle "EXT 2011"]
[Source "ChessBase"]
[SourceDate "2010.11.26"]
[SourceVersion "1"]
[SourceVersionDate "2010.11.26"]
[SourceQuality "1"]
[WhiteTeam "Emsdetten Turm IV"]
[BlackTeam "Rheine"]
[WhiteTeamCountry "GER"]
[BlackTeamCountry "GER"]

1. d4 d5 2. e3 Nf6 3. f4 e6 4. Nf3 c5 5. c3 cxd4 6. exd4 Bd6 7. Bd3 Nc6 8. 0-0 Bd7 9. Ne5 Qb6 10. Nd2 Ne7 11. Nef3 1/2-1/2

[Event "Steinfurt Bezirksklasse 0910"]
[Site "Germany"]
[Date "2009.11.28"]
[Round "2.4"]
[White "Jarvers, Hermann"]
[Black "Burton, Christopher"]
[Result "1/2-1/2"]
[WhiteElo "1488"]
[BlackElo "1148"]
[PlyCount "25"]
[EventDate "2009.09.26"]
[EventType "team-tourn"]
[EventRounds "7"]
[EventCountry "GER"]
[SourceTitle "EXT 2011"]
[Source "ChessBase"]
[SourceDate "2010.11.26"]
[SourceVersion "1"]
[SourceVersionDate "2010.11.26"]
[SourceQuality "1"]
[WhiteTeam "Rheine"]
[BlackTeam "Westerkappeln II"]
[WhiteTeamCountry "GER"]
[BlackTeamCountry "GER"]

1. d4 d5 2. c4 Nf6 3. Nc3 c6 4. e3 Bf5 5. Nf3 e6 6. Qb3 b6 7. Nh4 Bd6 8. Nxf5 exf5 9. cxd5 Qe7 10. dxc6 Nxc6 11. Bb5 Rc8 12. d5 Qb7 13. Bxc6+ 1/2-1/2

[Event "Steinfurt Bezirksliga 0304"]
[Site "Germany"]
[Date "2004.03.27"]
[Round "7.2"]
[White "Brito, Daniel"]
[Black "Jarvers, Hermann"]
[Result "1-0"]
[WhiteElo "1802"]
[BlackElo "1398"]
[PlyCount "34"]
[EventDate "2003.10.18"]
[EventType "team-tourn"]
[EventRounds "9"]
[EventCountry "GER"]
[SourceTitle "EXT 2005"]
[Source "ChessBase"]
[SourceDate "2004.11.15"]
[SourceVersion "1"]
[SourceVersionDate "2004.11.15"]
[SourceQuality "1"]
[WhiteTeam "Neuenkirchen II"]
[BlackTeam "Rheine SG"]
[WhiteTeamCountry "GER"]
[BlackTeamCountry "GER"]

1. e4 e5 2. Bc4 Nf6 3. d4 Bd6 4. Nf3 Nc6 5. 0-0 0-0 6. Nc3 exd4 7. Nb5 Be5 8. Re1 d5 9. exd5 Bg4 10. dxc6 Bxh2+ 11. Kxh2 bxc6 12. Nbxd4 Qd6+ 13. Kg1 Rfe8 14. Bg5 Ne4 15. Bh4 Re5 16. Bxf7+ Kxf7 17. Nxe5+ Qxe5 1-0

[Event "Steinfurt Bezirksliga 0304"]
[Site "Germany"]
[Date "2004.02.21"]
[Round "5.5"]
[White "Richter, Michael2222"]
[Black "Jarvers, Hermann"]
[Result "1-0"]
[WhiteElo "1631"]
[BlackElo "1398"]
[PlyCount "41"]
[EventDate "2003.10.18"]
[EventType "team-tourn"]
[EventRounds "9"]
[EventCountry "GER"]
[SourceTitle "EXT 2005"]
[Source "ChessBase"]
[SourceDate "2004.11.15"]
[SourceVersion "1"]
[SourceVersionDate "2004.11.15"]
[SourceQuality "1"]
[WhiteTeam "Reckenfeld"]
[BlackTeam "Rheine SG"]
[WhiteTeamCountry "GER"]
[BlackTeamCountry "GER"]

1. d4 d5 2. c4 dxc4 3. Nc3 e6 4. e4 c5 5. d5 exd5 6. Qxd5 Nc6 7. Qxd8+ Nxd8 8. Bxc4 Bd6 9. Be3 Nc6 10. Rd1 Nd4 11. Bxd4 cxd4 12. Rxd4 Be5 13. Bb5+ Ke7 14. Nd5+ Kd6 15. Rd2 Kc5 16. Nf3 Bb8 17. Rc2+ Kxb5 18. Rxc8 g6 19. Nc7+ Bxc7 20. Rxa8 Kc6 21. Ng5 1-0

[Event "Steinfurt Bezirksliga 0203"]
[Site "Germany"]
[Date "2003.04.26"]
[Round "8.7"]
[White "Jarvers, Hermann"]
[Black "Ottens, Josef"]
[Result "1-0"]
[WhiteElo "1424"]
[BlackElo "1544"]
[PlyCount "59"]
[EventDate "2002.09.14"]
[EventType "team-tourn"]
[EventRounds "9"]
[EventCountry "GER"]
[SourceTitle "EXT 2004"]
[Source "ChessBase"]
[SourceDate "2003.11.25"]
[SourceVersion "1"]
[SourceVersionDate "2003.11.25"]
[SourceQuality "1"]
[WhiteTeam "Rheine SG"]
[BlackTeam "Steinfurt II"]
[WhiteTeamCountry "GER"]
[BlackTeamCountry "GER"]

1. d4 Nf6 2. Nf3 g6 3. c4 Bg7 4. Nc3 d5 5. cxd5 Nxd5 6. e4 Nxc3 7. bxc3 0-0 8. Bc4 c6 9. 0-0 Nd7 10. Qd3 Nb6 11. Bb3 e6 12. Bg5 Qc7 13. e5 h6 14. Be3 Nd5 15. Nd2 Rd8 16. Qc2 Nxe3 17. fxe3 Rf8 18. Ne4 b6 19. Nd6 Qe7 20. Rf3 Ba6 21. c4 Rad8 22. Raf1 Rd7 23. Rxf7 Rxf7 24. Rxf7 Qd8 25. Rxd7 Qxd7 26. Qxg6 c5 27. d5 exd5 28. cxd5 Qe7 29. Nf5 Qxe5 30. Nxh6+ 1-0

[Event "Steinfurt Bezirksliga 0203"]
[Site "Germany"]
[Date "2002.10.05"]
[Round "2.6"]
[White "Jarvers, Hermann"]
[Black "Schulte, Ralf"]
[Result "0-1"]
[WhiteElo "1424"]
[BlackElo "1714"]
[PlyCount "42"]
[EventDate "2002.09.14"]
[EventType "team-tourn"]
[EventRounds "9"]
[EventCountry "GER"]
[SourceTitle "EXT 2004"]
[Source "ChessBase"]
[SourceDate "2003.11.25"]
[SourceVersion "1"]
[SourceVersionDate "2003.11.25"]
[SourceQuality "1"]
[WhiteTeam "Rheine SG"]
[BlackTeam "Emsdetten Rochade II"]
[WhiteTeamCountry "GER"]
[BlackTeamCountry "GER"]

1. e4 c5 2. Nf3 Nc6 3. d4 cxd4 4. Nxd4 Nf6 5. Nc3 d6 6. Bg5 e6 7. Nxc6 bxc6 8. Bd3 Be7 9. 0-0 0-0 10. b3 Qa5 11. Bd2 Qc7 12. f4 e5 13. f5 d5 14. exd5 cxd5 15. Bg5 Qxc3 16. Rf3 Qc5+ 17. Be3 d4 18. Bg5 e4 19. Bxf6 exf3 20. Qxf3 Bxf6 21. Qxa8 Bxf5 0-1